00473nam a2200181Ia 4500003000400000005001700004008004100021020001800062040000700080041000800087082002000095100004300115245004500158250000700203260005000210300001800260365001300278OSt20230609110518.0210423s2011 xx 000 0 und d a9788171948987 cAL aeng a657.46 SINV223 aSINGHANIA (Vinod K);SINGHANIA (Kapil). aTaxmanns direct taxes: law and practice. a45 aNew DelhibTaxmann Publications Pvt Ltdc2011 aI-27,1476bPB b675cINR